Desde el país de nunca jamás (Registro nro. 182468)
[ vista simple ]
| 000 -ENCABEZADO | |
|---|---|
| Número de control [NR] | 00935cam a2200253Mc 4500 |
| 005 - FECHA Y HORA DE LA ÚLTIMA TRANSACCIÓN | |
| control field | 20140903174951.0 |
| 008 - DE LONGITUD FIJA DE DATOS DE ELEMENTOS - INFORMACIÓN GENERAL | |
| Elementos de longitud fija [NR] | 110412s2011 sp grn 001 0bspa d |
| 020 ## - NUMERO INTERNACIONAL NORMALIZADO PARA LIBROS [R] | |
| Número Internacional Normalizado del libro [NR] | 9788483069417 |
| 040 ## - FUENTE DE CATALOGACION [NR] | |
| Agencia de catalogación original [NR] | Co-BoUCM |
| Idioma de catalogación [NR] | spa |
| Quien Cataloga | |
| Quien Clasifica | Aldemar Mondragón |
| 041 1# - CODIGO DE IDIOMA [R] | |
| Código de idioma para texto/pista de sonido o título separado [R] | Español |
| Language code of original and/or intermediate translations of text | eng |
| 100 1# - ASIENTO PRINCIPAL--NOMBRE PERSONAL [NR] | |
| Nombre personal [NR] | Guillermoprieto, Alma |
| ID Autoridad | 57590 |
| 245 10 - MENCION DE TITULO [NR] | |
| Título [NR] | Desde el país de nunca jamás |
| Mención de responsabilidad, etc. [NR] | Alma Guillermoprieto ; traducción de Margarita Valencia |
| 260 ## - PUBLICACION, DISTRIBUCION, ETC. (PIE DE IMPRENTA) [R] | |
| Lugar de publicación, distribución, etc. [R] | Barcelona (España) |
| Nombre del editor, distribuidor, etc. [R] | Debate |
| Fecha de publicación, distribución, etc. [R] | 2011 |
| 300 ## - DESCRIPCION FISICA [R] | |
| Extensión [R] | 380 páginas |
| 490 0# - MENCION DE SERIE [R] | |
| Mención de serie [R] | La ficción real |
| 650 #7 - ASIENTO SECUNDARIO DE MATERIA - TERMINO TEMATICO [R] | |
| Término temático o nombre geográfico como elemento de entrada [NR] | Corresponsales de guerra |
| 9 (RLIN) | 12018 |
| 650 #7 - ASIENTO SECUNDARIO DE MATERIA - TERMINO TEMATICO [R] | |
| Término temático o nombre geográfico como elemento de entrada [NR] | Periodismo |
| Subdivisión geográfica [R] | América Latina |
| 9 (RLIN) | 57714 |
| 650 #7 - ASIENTO SECUNDARIO DE MATERIA - TERMINO TEMATICO [R] | |
| Término temático o nombre geográfico como elemento de entrada [NR] | Violencia |
| Subdivisión geográfica [R] | América Latina |
| 9 (RLIN) | 57715 |
| 651 #4 - ASIENTO SECUNDARIO DE MATERIA - NOMBRE GEOGRAFICO [R] | |
| Nombre geográfico [NR] | América latina |
| Subdivisión general [R] | Política y gobierno |
| Subdivisión cronológica [R] | 1980- |
| Fuente del encabezamiento o término [NR] | embne |
| 9 (RLIN) | 57591 |
| 690 ## - ASUNTO AGREGADO LOCAL DE ENTRADA - TÉRMINO TEMÁTICO (OCLC, RLIN) | |
| 9 (RLIN) | 42898 |
| Acceso temático local | Periodismo |
| 700 1# - ASIENTO SECUNDARIO - NOMBRE PERSONAL [R] | |
| Nombre personal [NR] | Valencia, Margarita |
| Término de relación [R] | traductor |
| 9 (RLIN) | 57592 |
| 942 ## - ELEMENTOS DE ENTRADA AGREGADOS (KOHA) | |
| Tema principal | Comunicación |
| Tipo de ítem principal el descrito en 300a | Libro |
| Edición | 1 |
| Parte restante de la signatura top. | G958d |
| Sistema de clasificación | DEWEY |
| Clasificación | 070.433 |
| Fecha de último préstamo | Total préstamos | Total Renewals | Signatura topográfica | Código de barras | Última vez visto | Ejemplar | Costo de reposición | Price effective from | Tipo de ítem | Perdido | Sistema de clasificación | Dañado | No prestable | Tipo de ítem específico | Suprimido | Ubicación habitual | Ubicación actual | Localización | Fecha de creación | Proveedor | Forma de adquisición | Costo |
|---|---|---|---|---|---|---|---|---|---|---|---|---|---|---|---|---|---|---|---|---|---|---|
| 03/10/2014 | 1 | 2 | 070.433 G958d | 100140475 | 05/12/2025 | Ej.1 | 63700.00 | 26/02/2014 | Libro | DEWEY | Libro | Claustro | Claustro | 2do piso | 26/02/2014 | 15 | Compra | 63700.00 |